• 首页
  • 本馆介绍
  • 公告通知
  • 最新文献
  • 馆藏检索
  • 电子资源
  • 读者导购
  • 参考咨询
  • 我的图书馆
  • 登录
  • 详细信息显示
  • 放入我的书架
  • 预约/预借图书
  • 作者相关作品
  • 分类相关作品
  • 丛书相关作品
  • 出版社相关作品

书目信息

  • 表格格式
  • 工作单格式
  • 卡片格式
题名:
偷袭珍珠港前的三百六十五天
    
 
作者: 实松让 著 ;史人 译
分册:  
出版信息: 上海   上海译文出版社  1980
页数: 421页
开本: 19cm
丛书名:
单 册:
中图分类: K313.46
科图分类:
主题词: 东亚--历史 , 日本偷袭珍珠港(1941)
电子资源:
ISBN:
000 00727nam0 2200253 45
001 0180000711
005 20060820164058.14
010    @dCNY1.10
091    @a11188.18
100    @a19950510d1980 em y0chiy0121 ea
101 1  @achi@cjpn
102    @aCN@b310000
105    @ay z 000yy
200 10 @a偷袭珍珠港前的三百六十五天@Atou xi zhen zhu gang qian de san bai liu shi wu tian@f(日)实松让著@g史人译
210    @a上海@c上海译文出版社@d1980
215    @a421页@d19cm
300    @a内部发行
606 0  @a东亚@x历史
606    @a日本偷袭珍珠港(1941)
690    @aK313.46@v3
701  0 @a实松让@Ashi song rang@4著
702  0 @a史人@Ashi ren@4译
801    @aCN@bTSTC@c20060820
905    @dK313.46@e4@f1@b34257@f1@b34248
    
    偷袭珍珠港前的三百六十五天/(日)实松让著/史人译.-上海:上海译文出版社,1980
    421页;19cm
    内部发行
    
    ISBN :CNY1.10
    
●
相关链接 在E读中查询图书 在五车中查询图书 在当当中查询图书 在豆瓣中查询图书


正题名:偷袭珍珠港前的三百六十五天     索取号:K313.46/4         预约/预借

序号 登录号 条形码 馆藏地/架位号 状态 备注
1 0034248   001417808   密集书库/ [索取号:K313.46/4] 在馆    
2 0034249   001793376   密集书库/ [索取号:K313.46/4] 在馆    
3 0034250   001589178   密集书库/ [索取号:K313.46/4] 在馆    
4 0034251   001589132   密集书库/ [索取号:K313.46/4] 在馆    
5 0034252   001912201   密集书库/ [索取号:K313.46/4] 在馆    
6 0034253   001912693   密集书库/ [索取号:K313.46/4] 在馆    
7 0034254   001656498   密集书库/ [索取号:K313.46/4] 在馆    
8 0034255   001912247   密集书库/ [索取号:K313.46/4] 在馆    
9 0034256   001658049   密集书库/ [索取号:K313.46/4] 在馆    
10 0034257   000358650   密集书库/ [索取号:K313.46/4] 在馆    
11 0174048   000358669   密集书库/ [索取号:K313.46/4] 在馆    
12 0174049   000558678   第二样本阅览室/ [索取号:K313.46/4] 在馆    
13 0466724   204667244   密集书库/ [索取号:K313.46/4] 在馆    
14 0466725   204667253   密集书库/ [索取号:K313.46/4] 在馆    
15 0471729   204717299   密集书库/ [索取号:K313.46/4] 在馆    
唐山师范学院图书馆 欢迎您!
大连网信软件有限公司© 版权所有